Bundesliga Spieler zu Verein #4 - Statistiken

Allgemein
  • Dieses Quiz wurde 263 mal gespielt
    123 seit der letzten Aktualisierung
  • Das Durchschnittsergebnis liegt bei 16 aus 20
Antwortstatistiken
Spieler Verein % Korrekt
Konrad Laimer FC Bayern München
98%
Karim Adeyemi Borussia Dortmund
97%
Exequiel Palacios Bayer 04 Leverkusen
95%
Benjamin Sesko RB Leipzig
94%
Ridle Baku VfL Wolfsburg
92%
Alassane Plea Borussia Mönchengladbach
91%
Lewis Holtby SV Holstein Kiel
91%
Grischa Prömel TSG 1899 Hoffenheim
86%
Jeffrey Gouweleeuw FC Augsburg
83%
Maximilian Eggestein SC Freiburg
82%
Atakan Karazor VfB Stuttgart
81%
Romano Schmid SV Werder Bremen
79%
Yannick Gerhardt VfL Wolfsburg
79%
Lucas Tousart 1. FC Union Berlin
75%
Nikola Vasilj FC St. Pauli
73%
Anthony Caci FSV Mainz 05
71%
Lukas Kübler SC Freiburg
69%
Patrick Mainka 1. FC Heidenheim
65%
Niels Nkounkou Eintracht Frankfurt
63%
Matus Bero VfL Bochum
56%
Keine übereinstimmenden Quizze gefunden
Verteilung der Resultate
Anzahl Personen mit jedem Resultat
Perzentil nach korrekt beantworteten Fragen
Ihre Resultats-Entwicklung
Sie haben dieses Quiz seit der letzten Aktualisierung nicht gespielt